Estampas y ensayos

保存先:
書誌詳細
第一著者: Silva Castro, Raúl (著者)
フォーマット: 図書
言語:スペイン語
出版事項: Ciudad de México Fondo de Cultura Económica 1968
シリーズ:Colección Tierra Firme, 9
主題:
タグ: タグ追加
タグなし, このレコードへの初めてのタグを付けませんか!

MARC

LEADER 00000nam a2200000 a 4500
001 UCZ0357
003 CL-VaPUC
008 950728e19680000MX |||||||||||||||||spa|d
082 0 4 |a Ch864  |b SIL  |2 21 
100 0 |a Silva Castro, Raúl  |e author  |9 343123 
245 1 0 |a Estampas y ensayos 
300 |a 198 p 
942 |c BK 
945 |d 19950728 00:00:00  |a rbrito 
260 |a Ciudad de México  |b Fondo de Cultura Económica  |c 1968 
650 0 |a Ensayos chilenos   |9 269132 
583 |a last modification  |c 19950728 00:00:00  |k Rodrigo Vera 
490 0 |a Colección Tierra Firme, 9 
999 |c 237297  |d 237295 
952 |0 0  |1 0  |4 0  |6 CH_864_000000000000000_SIL_1968  |7 0  |8 A  |9 246218  |a BIBEDU  |b BIBEDU  |d 2019-11-18  |i 3099989  |o Ch864 SIL 1968  |p 3099989  |r 2019-11-18  |w 2019-11-18  |y BK  |k LIT 
952 |0 0  |1 0  |4 0  |6 CH_864_000000000000000_SIL_1968  |7 0  |8 A  |9 246219  |a BIBEDU  |b BIBEDU  |d 2019-11-18  |i 3106659  |o Ch864 SIL 1968  |p 3106659  |r 2019-11-18  |w 2019-11-18  |y BK  |k LIT